[Event "4NCL/Div1/WGR vs. BRI1"]
[Site "Coventry ENG"]
[Date "2006.11.12"]
[Round "4.7"]
[White "Law, Andrew P"]
[Black "Collier, David O"]
[Result "1-0"]
[WhiteElo "2304"]
[BlackElo "2175"]
[PlyCount "59"]
[EventDate "2006.11.12"]
[EventType "team"]
[EventRounds "11"]
[EventCountry "ENG"]
[WhiteTeam "Wood Green"]
[BlackTeam "Bristol 1"]

1. Nf3 Nf6 2. c4 e6 3. Nc3 b6 4. e4 d6 5. d4 Bb7 6. Bd3 c5 7. d5 e5 8. O-O Be7
9. a3 Na6 10. b4 O-O 11. Rb1 Bc8 12. h3 h6 13. Be3 Nh7 14. Qd2 Bd7 15. Nh2 Bg5
16. f4 exf4 17. Bxf4 f6 18. Nf3 Qe7 19. Nxg5 fxg5 20. Bg3 Rxf1+ 21. Bxf1 Nf8
22. b5 Nb8 23. e5 dxe5 24. d6 Qf7 25. Nd5 a5 26. Nxb6 Bf5 27. Re1 Ra7 28. Rxe5
Ne6 29. Nc8 Nd7 30. Rxf5 1-0

[Event "4NCL/Div1/WGR vs. BRI1"]
[Site "Coventry ENG"]
[Date "2006.11.12"]
[Round "4.8"]
[White "James, Ann-Marie"]
[Black "Hegarty, Sarah"]
[Result "0-1"]
[WhiteElo "2052"]
[BlackElo "1948"]
[PlyCount "86"]
[EventDate "2006.11.12"]
[EventType "team"]
[EventRounds "11"]
[EventCountry "ENG"]
[WhiteTeam "Bristol 1"]
[BlackTeam "Wood Green"]

1. e4 c5 2. c3 d5 3. exd5 Qxd5 4. d4 Nc6 5. Nf3 Nf6 6. dxc5 Qxd1+ 7. Kxd1 g6 8.
Bb5 Bd7 9. Nd4 O-O-O 10. Bxc6 Bxc6 11. Nd2 Bxg2 12. Re1 e5 13. Rxe5 Ng4 14. Rg5
h5 15. c6 Be7 16. cxb7+ Bxb7 17. Ra5 Nxf2+ 18. Kc2 Kb8 19. b3 Bf6 20. Bb2 Rhe8
21. Rf1 Bxd4 22. cxd4 Re2 23. Bc3 Bg2 24. Rg1 Bh3 25. Kb1 Bf5+ 26. Ka1 Nd3 27.
h4 Rc8 28. Rb5+ Ka8 29. Nc4 Rc2 30. Bb4 Bd7 31. Ra5 R8xc4 32. bxc4 Nxb4 33. c5
Rd2 34. Rf1 Bf5 35. Rxf5 gxf5 36. c6 Nxc6 37. Rxf5 Nxd4 38. Rxh5 f5 39. Rh8+
Kb7 40. h5 f4 41. h6 Rh2 42. h7 f3 43. Kb1 Ne6 0-1

[Event "4NCL/Div1/BET vs. SWD1"]
[Site "Coventry ENG"]
[Date "2006.11.12"]
[Round "4.1"]
[White "Hunt, Adam C"]
[Black "Cobb, James E"]
[Result "1/2-1/2"]
[WhiteElo "2462"]
[BlackElo "2395"]
[PlyCount "152"]
[EventDate "2006.11.12"]
[EventType "team"]
[EventRounds "11"]
[EventCountry "ENG"]
[WhiteTeam "Betsson.com"]
[BlackTeam "S W Dragons 1"]

1. e4 e5 2. Nf3 Nc6 3. Bb5 a6 4. Ba4 Nf6 5. O-O Be7 6. Re1 b5 7. Bb3 O-O 8. h3
Bb7 9. d3 d6 10. a3 Qd7 11. Nc3 Nd4 12. Nxd4 exd4 13. Ne2 c5 14. Ng3 d5 15. e5
Ne8 16. c3 dxc3 17. bxc3 Nc7 18. d4 cxd4 19. cxd4 Rac8 20. Bc2 Rfd8 21. Nf5 Ne6
22. Re3 Bf8 23. Rg3 Kh8 24. Bd3 g6 25. Qg4 Rc3 26. Bd2 Rxd3 27. Rxd3 gxf5 28.
Qxf5 Bg7 29. Qh5 Nf8 30. f4 Bc8 31. Ba5 Re8 32. g4 f5 33. Rg3 Ng6 34. Rf1 Rf8
35. Bb4 Rf7 36. Qg5 Bf8 37. Re3 Qe6 38. Qd8 Kg7 39. Rc3 Bd7 40. Rc7 Bxb4 41.
axb4 Nf8 42. gxf5 Qxf5 43. Qg5+ Qg6 44. Qxg6+ hxg6 45. Kh2 Ne6 46. Ra7 Bc8 47.
Rxf7+ Kxf7 48. Rc1 Bd7 49. Ra1 Nxd4 50. Rxa6 Nc6 51. Kg3 d4 52. Kf3 d3 53. Ke3
Nxb4 54. Rf6+ Kg7 55. Kd2 Bf5 56. Rb6 Nd5 57. Rb7+ Kh6 58. Rxb5 Nxf4 59. h4 Kh5
60. Rb4 Ng2 61. Rb6 Nf4 62. Rb4 Ne6 63. Rc4 Kh6 64. Rb4 Kg7 65. Rb7+ Kf8 66.
Rb8+ Ke7 67. Rb7+ Ke8 68. Ke3 Nc5 69. Rb5 Ne6 70. Rb7 Nd4 71. Rb2 Nc6 72. Rb5
Ke7 73. Rd5 Nb4 74. Rd6 Be6 75. Kd2 Bf5 76. Ke3 Be6 1/2-1/2

[Event "4NCL/Div1/BET vs. SWD1"]
[Site "Coventry ENG"]
[Date "2006.11.12"]
[Round "4.2"]
[White "Cooper, John G"]
[Black "Pert, Richard G"]
[Result "0-1"]
[WhiteElo "2345"]
[BlackElo "2447"]
[PlyCount "63"]
[EventDate "2006.11.12"]
[EventType "team"]
[EventRounds "11"]
[EventCountry "ENG"]
[WhiteTeam "S W Dragons 1"]
[BlackTeam "Betsson.com"]

1. d4 e6 2. c4 f5 3. g3 Nf6 4. Bg2 Be7 5. Nf3 O-O 6. O-O d6 7. Nc3 Ne4 8. Nd2
Nxc3 9. bxc3 e5 10. c5 Nc6 11. cxd6 cxd6 12. Nc4 e4 13. Ne3 Na5 14. c4 Be6 15.
d5 Bd7 16. Bd2 Rc8 17. Rc1 Bg5 18. f4 exf3 19. Rxf3 b6 20. Nf1 Nxc4 21. Bxg5
Qxg5 22. Rfc3 b5 23. Qd4 Qe7 24. R1c2 Rc5 25. Ne3 h6 26. Nxc4 bxc4 27. e3 Bb5
28. Rb2 a6 29. Rb4 Qc7 30. Bf1 Qa5 31. Rb2 Rfc8 32. e4 {Some of these moves
might not be correct. Both players stop recording at this point.} 0-1

[Event "4NCL/Div1/BET vs. SWD1"]
[Site "Coventry ENG"]
[Date "2006.11.12"]
[Round "4.3"]
[White "Hunt, Harriet"]
[Black "Jones, Richard S"]
[Result "1-0"]
[WhiteElo "2439"]
[BlackElo "2354"]
[PlyCount "85"]
[EventDate "2006.11.12"]
[EventType "team"]
[EventRounds "11"]
[EventCountry "ENG"]
[WhiteTeam "Betsson.com"]
[BlackTeam "S W Dragons 1"]

1. e4 c5 2. Nc3 Nc6 3. Bb5 Nd4 4. Bc4 e6 5. Nge2 Nf6 6. O-O a6 7. a4 Nxe4 8.
Nxe4 d5 9. d3 dxc4 10. dxc4 Be7 11. Be3 Nxe2+ 12. Qxe2 Qc7 13. Qg4 O-O 14. Qg3
Qxg3 15. hxg3 b6 16. a5 f5 17. Nc3 Rb8 18. Rfd1 Rb7 19. axb6 Rxb6 20. b3 Rc6
21. Ra5 g5 22. Na4 Re8 23. f3 Bd6 24. Bxg5 Bc7 25. Rxc5 Bb6 26. Nxb6 Rxc5 27.
b4 Rc6 28. Be3 e5 29. c5 e4 30. Kf2 exf3 31. gxf3 Rce6 32. Rd3 Bb7 33. c4 Bc6
34. Nd5 Rb8 35. Nc7 Rxe3 36. Kxe3 Rxb4 37. Nd5 Rb7 38. Ra3 Ra7 39. Nb4 Bb7 40.
c6 Bc8 41. Ra5 Kf7 42. Nd5 Be6 43. Kd4 1-0

[Event "4NCL/Div1/BET vs. SWD1"]
[Site "Coventry ENG"]
[Date "2006.11.12"]
[Round "4.4"]
[White "Kett, Timothy"]
[Black "Ledger, Andrew J"]
[Result "0-1"]
[WhiteElo "2234"]
[BlackElo "2411"]
[PlyCount "75"]
[EventDate "2006.11.12"]
[EventType "team"]
[EventRounds "11"]
[EventCountry "ENG"]
[WhiteTeam "S W Dragons 1"]
[BlackTeam "Betsson.com"]

1. e4 e5 2. d4 exd4 3. c3 dxc3 4. Bc4 Nc6 5. Nf3 c2 6. Qxc2 d6 7. Nc3 Nf6 8.
Bg5 Be7 9. O-O-O Ng4 10. Bxe7 Qxe7 11. Nd5 Qd8 12. h3 Nge5 13. Nxe5 Nxe5 14.
Bb5+ c6 15. f4 O-O 16. fxe5 cxd5 17. exd6 Qxd6 18. Rxd5 Qb6 19. Kb1 Be6 20. Rc5
Rac8 21. Rc1 g6 22. h4 Qa5 23. Qa4 Qd2 24. R5c2 Rxc2 25. Qxc2 Qf4 26. Rh1 Rc8
27. Qe2 h5 28. Bd3 Rd8 29. Qc2 Qg3 30. Rd1 Qxh4 31. Qc7 Bg4 32. Rf1 Be6 33. Bc2
Rc8 34. Qxb7 Qg3 35. e5 Qe3 36. Qe4 Qc5 37. Bb3 Bf5 38. Bxf7+ 0-1

[Event "4NCL/Div1/BET vs. SWD1"]
[Site "Coventry ENG"]
[Date "2006.11.12"]
[Round "4.7"]
[White "Ledger, David J"]
[Black "Morris, Charles F"]
[Result "1/2-1/2"]
[WhiteElo "2276"]
[BlackElo "2214"]
[PlyCount "90"]
[EventDate "2006.11.12"]
[EventType "team"]
[EventRounds "11"]
[EventCountry "ENG"]
[WhiteTeam "Betsson.com"]
[BlackTeam "S W Dragons 1"]

1. e4 e6 2. d4 d5 3. Nc3 Nf6 4. Bg5 Be7 5. e5 Nfd7 6. h4 Bxg5 7. hxg5 Qxg5 8.
Nf3 Qe7 9. Qd3 Nf8 10. O-O-O a6 11. Qe3 b5 12. Bd3 Nc6 13. Rh3 Na5 14. Rdh1 Nc4
15. Bxc4 bxc4 16. Ng5 h6 17. Rf3 f6 18. exf6 gxf6 19. Nh3 c6 20. Nf4 Ra7 21.
Nh5 f5 22. Rg3 Qd6 23. Ne2 Rf7 24. Nef4 Kd8 25. Ng6 Nxg6 26. Rxg6 f4 27. Qc3
Kc7 28. Rh4 Kb6 29. a3 a5 30. Kb1 Rf5 31. Qf3 Qe7 32. Rxf4 Rhf8 33. g3 Qh7 34.
Rg7 Rxf4 35. gxf4 Qf5 36. Qe2 Rf7 37. Rxf7 Qxf7 38. Qe5 Qf5 39. Qb8+ Bb7 40.
Ng7 Qf7 41. Qh8 Qf6 42. c3 Qxf4 43. Qd8+ Ka6 44. Qd7 Qe4+ 45. Ka2 Qc2 1/2-1/2

[Event "4NCL/Div1/BET vs. SWD1"]
[Site "Coventry ENG"]
[Date "2006.11.12"]
[Round "4.8"]
[White "Wilson, Julie"]
[Black "Ledger, Stephen C"]
[Result "0-1"]
[WhiteElo "1938"]
[BlackElo "2171"]
[PlyCount "54"]
[EventDate "2006.11.12"]
[EventType "team"]
[EventRounds "11"]
[EventCountry "ENG"]
[WhiteTeam "S W Dragons 1"]
[BlackTeam "Betsson.com"]

1. d4 Nf6 2. c4 c5 3. d5 b5 4. Nf3 e6 5. Nbd2 exd5 6. cxd5 Nxd5 7. e4 Nc7 8. b3
Be7 9. Bb2 O-O 10. Bd3 Nc6 11. O-O d6 12. Rc1 Bg4 13. Qc2 Nb4 14. Qc3 Bf6 15.
e5 Ncd5 16. exf6 Nxc3 17. fxg7 Nxd3 18. gxf8=Q+ Qxf8 19. Rxc3 Nxb2 20. Rb1 Qg7
21. Re3 Bf5 22. Rbe1 Qf6 23. Ne4 Bxe4 24. Rxe4 Nd3 25. Rd1 Ne5 26. Nh4 Rd8 27.
Rd5 c4 0-1

[Event "4NCL/Div1/SLOS1 vs. 3CS1"]
[Site "Coventry ENG"]
[Date "2006.11.12"]
[Round "4.1"]
[White "Schenk, Andreas"]
[Black "Davies, Nigel R"]
[Result "1/2-1/2"]
[WhiteElo "2512"]
[BlackElo "2504"]
[PlyCount "44"]
[EventDate "2006.11.12"]
[EventType "team"]
[EventRounds "11"]
[EventCountry "ENG"]
[WhiteTeam "Slough Sharks 1"]
[BlackTeam "3Cs Oldham"]

1. d4 e6 2. c4 Bb4+ 3. Bd2 Bxd2+ 4. Qxd2 Nf6 5. Nc3 d5 6. Nf3 O-O 7. e3 Qe7 8.
Rc1 Rd8 9. Qc2 dxc4 10. Bxc4 c5 11. O-O Nc6 12. dxc5 Qxc5 13. Ne4 Qe7 14. Rfd1
Nxe4 15. Rxd8+ Nxd8 16. Qxe4 Bd7 17. Bd3 g6 18. Ne5 Nc6 19. h3 Nxe5 20. Qxe5
Bc6 21. Be4 Bxe4 22. Qxe4 Rd8 1/2-1/2

[Event "4NCL/Div1/SLOS1 vs. 3CS1"]
[Site "Coventry ENG"]
[Date "2006.11.12"]
[Round "4.2"]
[White "Gordon, Stephen J"]
[Black "Rendle, Thomas E"]
[Result "1-0"]
[WhiteElo "2445"]
[BlackElo "2430"]
[PlyCount "53"]
[EventDate "2006.11.12"]
[EventType "team"]
[EventRounds "11"]
[EventCountry "ENG"]
[WhiteTeam "3Cs Oldham"]
[BlackTeam "Slough Sharks 1"]

1. d4 e6 2. c4 f5 3. g3 Nf6 4. Bg2 Be7 5. Nf3 O-O 6. O-O d6 7. b4 Ne4 8. Qc2
Nd7 9. Bb2 a5 10. b5 a4 11. a3 Qe8 12. Nc3 Nxc3 13. Bxc3 Qh5 14. Bb4 Nf6 15.
Rfd1 g5 16. Nd2 Rf7 17. Nf1 f4 18. c5 d5 19. c6 Bd8 20. Bf3 Qh3 21. Rac1 bxc6
22. Qxc6 Rb8 23. b6 cxb6 24. Qd6 Nd7 25. Qxb8 Nxb8 26. Rxc8 Nc6 27. Rxc6 1-0

[Event "4NCL/Div1/SLOS1 vs. 3CS1"]
[Site "Coventry ENG"]
[Date "2006.11.12"]
[Round "4.3"]
[White "Jones, Gawain C B"]
[Black "Arakhamia-Grant, Ketevan"]
[Result "1-0"]
[WhiteElo "2382"]
[BlackElo "2446"]
[PlyCount "69"]
[EventDate "2006.11.12"]
[EventType "team"]
[EventRounds "11"]
[EventCountry "ENG"]
[WhiteTeam "Slough Sharks 1"]
[BlackTeam "3Cs Oldham"]

1. e4 c5 2. Nc3 e6 3. f4 Nc6 4. Nf3 d6 5. g4 Nge7 6. d3 d5 7. Bg2 dxe4 8. dxe4
Qxd1+ 9. Kxd1 a6 10. Na4 Ng6 11. f5 Nge5 12. Nxe5 Nxe5 13. Nb6 Rb8 14. Bf4 Bd6
15. Ke2 O-O 16. Rad1 Bc7 17. Nc4 f6 18. Bxe5 fxe5 19. Rd2 b5 20. Nd6 c4 21.
Rhd1 a5 22. Nxc8 Rbxc8 23. Rd7 Rfe8 24. g5 Bd8 25. h4 exf5 26. exf5 e4 27. Bh3
Rb8 28. f6 gxf6 29. Bf5 fxg5 30. Bxh7+ Kh8 31. Bg6 Rf8 32. hxg5 Bxg5 33. Rh1+
Kg8 34. Bh7+ Kh8 35. Bxe4+ 1-0

[Event "4NCL/Div1/SLOS1 vs. 3CS1"]
[Site "Coventry ENG"]
[Date "2006.11.12"]
[Round "4.4"]
[White "Haslinger, Stewart G"]
[Black "Jessel, Stephen"]
[Result "1/2-1/2"]
[WhiteElo "2438"]
[BlackElo "2357"]
[PlyCount "77"]
[EventDate "2006.11.12"]
[EventType "team"]
[EventRounds "11"]
[EventCountry "ENG"]
[WhiteTeam "3Cs Oldham"]
[BlackTeam "Slough Sharks 1"]

1. e4 e6 2. d4 d5 3. e5 c5 4. c3 Nc6 5. Nf3 Qb6 6. a3 a5 7. Bd3 Bd7 8. Bc2 Nh6
9. O-O Be7 10. b3 cxd4 11. Bxh6 gxh6 12. cxd4 Rc8 13. Ra2 f6 14. Qd2 O-O 15.
Qxh6 Rf7 16. exf6 Bxf6 17. Bxh7+ Rxh7 18. Qxf6 Qxb3 19. Re2 Rf8 20. Qg6+ Rg7
21. Re3 Qb2 22. Qd3 Rxf3 23. Rxf3 Nxd4 24. Re3 Bb5 25. Qd2 Qxd2 26. Nxd2 Bxf1
27. Kxf1 a4 28. Rd3 Nb5 29. Nf3 Rg4 30. Ne5 Rd4 31. Rg3+ Kh7 32. Nd7 Rd1+ 33.
Ke2 Ra1 34. Nf6+ Kh6 35. Ng8+ Kh7 36. Nf6+ Kh6 37. Ng8+ Kh7 38. Nf6+ Kh6 39.
Ng8+ 1/2-1/2

[Event "4NCL/Div1/SLOS1 vs. 3CS1"]
[Site "Coventry ENG"]
[Date "2006.11.12"]
[Round "4.5"]
[White "Hinks-Edwards, Thomas"]
[Black "Ashton, Adam G"]
[Result "1-0"]
[WhiteElo "2359"]
[BlackElo "2304"]
[PlyCount "79"]
[EventDate "2006.11.12"]
[EventType "team"]
[EventRounds "11"]
[EventCountry "ENG"]
[WhiteTeam "Slough Sharks 1"]
[BlackTeam "3Cs Oldham"]

1. e4 e5 2. Nf3 Nc6 3. Bb5 a6 4. Ba4 Nf6 5. O-O Be7 6. Qe2 b5 7. Bb3 O-O 8. c3
d6 9. d4 Bg4 10. Rd1 exd4 11. cxd4 d5 12. e5 Ne4 13. h3 Bh5 14. Nc3 Nxc3 15.
bxc3 Na5 16. Bc2 f5 17. exf6 Bxf6 18. g4 Bf7 19. Ne5 Nc4 20. f4 c5 21. Nxf7
Rxf7 22. g5 Be7 23. Bxh7+ Kxh7 24. Qh5+ Kg8 25. g6 Bh4 26. gxf7+ Kf8 27. dxc5
Ra7 28. Qh8+ Kxf7 29. Qxd8 Bxd8 30. Rxd5 Bf6 31. f5 Re7 32. Bf4 b4 33. c6 bxc3
34. c7 Nb6 35. Rd6 Nc8 36. Rc6 Re2 37. Rc4 Rb2 38. a3 a5 39. Rd1 Ra2 40. Rd8
1-0

[Event "4NCL/Div1/SLOS1 vs. 3CS1"]
[Site "Coventry ENG"]
[Date "2006.11.12"]
[Round "4.6"]
[White "Walton, Alan J"]
[Black "Gourlay, Iain"]
[Result "1/2-1/2"]
[WhiteElo "2224"]
[BlackElo "2337"]
[PlyCount "50"]
[EventDate "2006.11.12"]
[EventType "team"]
[EventRounds "11"]
[EventCountry "ENG"]
[WhiteTeam "3Cs Oldham"]
[BlackTeam "Slough Sharks 1"]

1. d4 Nf6 2. Bg5 e6 3. e4 h6 4. Bxf6 Qxf6 5. c3 d5 6. Nd2 c5 7. e5 Qd8 8. Ngf3
Nc6 9. Be2 cxd4 10. cxd4 Qb6 11. Nb3 Bb4+ 12. Kf1 O-O 13. g3 f6 14. exf6 Rxf6
15. Kg2 Bd7 16. Rf1 Raf8 17. Qd3 Be8 18. Qe3 Bg6 19. Kg1 Be4 20. Nfd2 Bc2 21.
Nf3 Be4 22. Nfd2 Bc2 23. Nf3 a5 24. Rac1 Bxb3 25. axb3 Bd6 1/2-1/2

[Event "4NCL/Div1/SLOS1 vs. 3CS1"]
[Site "Coventry ENG"]
[Date "2006.11.12"]
[Round "4.7"]
[White "Krensing, Jan"]
[Black "Adams, Philip J"]
[Result "1/2-1/2"]
[WhiteElo "2298"]
[BlackElo "2145"]
[PlyCount "54"]
[EventDate "2006.11.12"]
[EventType "team"]
[EventRounds "11"]
[EventCountry "ENG"]
[WhiteTeam "Slough Sharks 1"]
[BlackTeam "3Cs Oldham"]

1. d4 Nf6 2. c4 e6 3. Nf3 b6 4. a3 Ba6 5. Qc2 c5 6. dxc5 Bxc5 7. Bg5 Bb7 8. Nc3
h6 9. Bh4 Be7 10. e3 d6 11. Be2 Nbd7 12. O-O a6 13. Rfd1 Qc7 14. Rac1 Rc8 15.
b4 Qb8 16. Qb3 g5 17. Bg3 Nh5 18. Nd4 Nxg3 19. hxg3 h5 20. Bf3 h4 21. Nce2 Ne5
22. Bxb7 Qxb7 23. gxh4 Rxh4 24. Ng3 Kf8 25. Rc3 Kg7 26. Rdc1 Rch8 27. Qd1 Bf6
1/2-1/2

[Event "4NCL/Div1/SLOS1 vs. 3CS1"]
[Site "Coventry ENG"]
[Date "2006.11.12"]
[Round "4.8"]
[White "Lewyk, Ihor"]
[Black "Rudolf, Anna"]
[Result "1/2-1/2"]
[WhiteElo "2106"]
[BlackElo "2265"]
[PlyCount "145"]
[EventDate "2006.11.12"]
[EventType "team"]
[EventRounds "11"]
[EventCountry "ENG"]
[WhiteTeam "3Cs Oldham"]
[BlackTeam "Slough Sharks 1"]

1. Nf3 e6 2. d4 Nf6 3. e3 c5 4. c3 b6 5. Bd3 Bb7 6. Nbd2 Be7 7. O-O cxd4 8.
exd4 O-O 9. Re1 d6 10. Ne4 Nxe4 11. Bxe4 Bxe4 12. Rxe4 Nd7 13. Re1 Nf6 14. Bg5
b5 15. Bxf6 Bxf6 16. Qd3 Qd7 17. d5 e5 18. Nd2 g6 19. Ne4 Bg7 20. a3 h6 21. Qg3
f5 22. Nd2 Kh7 23. Rad1 Rae8 24. Qh3 Qf7 25. c4 e4 26. Qb3 Qf6 27. cxb5 Qxb2
28. Qxb2 Bxb2 29. Nc4 Be5 30. Rc1 Rf7 31. g3 g5 32. a4 Rd7 33. Red1 f4 34. a5
e3 35. fxe3 fxe3 36. Nxe5 Rxe5 37. b6 e2 38. Re1 Rxd5 39. Rxe2 Rxa5 40. Rc7
Rxc7 41. bxc7 Rc5 42. Re7+ Kg6 43. Re6+ Kf5 44. Rxd6 Rxc7 45. Rxh6 Kg4 46. Ra6
Kf3 47. Ra3+ Ke4 48. h4 g4 49. h5 Rh7 50. Kg2 Kd5 51. Ra4 Kc6 52. Rxg4 Rxh5 53.
Ra4 a5 54. g4 Rc5 55. Kf3 Kb5 56. Re4 a4 57. Re8 a3 58. Ra8 Kb4 59. Kf4 Ra5 60.
Rb8+ Kc3 61. Rb1 a2 62. Ra1 Kb2 63. Rxa2+ Rxa2 64. g5 Kc3 65. Kf5 Kd4 66. g6
Ra5+ 67. Kf6 Ra6+ 68. Kf5 Ra8 69. g7 Kd5 70. Kf6 Kd6 71. Kf7 Ra7+ 72. Kf8 Ra8+
73. Kf7 1/2-1/2

[Event "4NCL/Div1/NWE1 vs. BAR1"]
[Site "Coventry ENG"]
[Date "2006.11.12"]
[Round "4.1"]
[White "Hennigan, Michael T"]
[Black "Parker, Jonathan"]
[Result "0-1"]
[WhiteElo "2387"]
[BlackElo "2518"]
[PlyCount "94"]
[EventDate "2006.11.12"]
[EventType "team"]
[EventRounds "11"]
[EventCountry "ENG"]
[WhiteTeam "N W Eagles 1"]
[BlackTeam "Barbican 4NCL 1"]

1. e4 e5 2. Nf3 Nc6 3. d4 exd4 4. Nxd4 Bc5 5. Nxc6 Qf6 6. Qd2 dxc6 7. Nc3 Be6
8. Na4 Rd8 9. Bd3 Bd4 10. c3 Bxf2+ 11. Qxf2 Rxd3 12. Qxf6 Nxf6 13. Nc5 Rd8 14.
Nxb7 Rb8 15. Nc5 Rb5 16. b4 Nxe4 17. a4 Rxc5 18. bxc5 Bc4 19. Be3 O-O 20. Bd4
Rb8 21. O-O-O Be2 22. Rhe1 Bxd1 23. Rxe4 Bb3 24. Re7 Rc8 25. a5 Kf8 26. Re2 Bc4
27. Rb2 Bb5 28. Be5 f6 29. Bg3 g5 30. Rb4 f5 31. c4 Ba6 32. h4 h6 33. hxg5 hxg5
34. Be5 Kf7 35. Kd2 Ke6 36. Bd4 f4 37. Kd3 Kf5 38. Rb2 Re8 39. Rb1 Kg4 40. Rh1
Bc8 41. Kd2 Kg3 42. Rh5 g4 43. Be5 Rf8 44. Bxc7 Kxg2 45. Bd6 Rf7 46. Rh8 f3 47.
Rh2+ Kg1 0-1

[Event "4NCL/Div1/NWE1 vs. BAR1"]
[Site "Coventry ENG"]
[Date "2006.11.12"]
[Round "4.2"]
[White "Ferguson, Mark"]
[Black "Quillan, Gary"]
[Result "1/2-1/2"]
[WhiteElo "2395"]
[BlackElo "2344"]
[PlyCount "125"]
[EventDate "2006.11.12"]
[EventType "team"]
[EventRounds "11"]
[EventCountry "ENG"]
[WhiteTeam "Barbican 4NCL 1"]
[BlackTeam "N W Eagles 1"]

1. e4 e6 2. d4 d5 3. Nd2 Nf6 4. e5 Nfd7 5. Bd3 c5 6. c3 Nc6 7. Ne2 cxd4 8. cxd4
f6 9. exf6 Nxf6 10. Nf3 Bd6 11. O-O Qc7 12. Bg5 O-O 13. Rc1 Ng4 14. Ng3 Qb6 15.
Nh4 e5 16. Nhf5 e4 17. Nxd6 exd3 18. Qxd3 Qxb2 19. Rc2 Qb6 20. Nxc8 Raxc8 21.
Nf5 Nf6 22. Rxc6 Rxc6 23. Ne7+ Kh8 24. Nxc6 Qxc6 25. Qa3 Nd7 26. Qxa7 h6 27.
Be3 Nb6 28. Rb1 Rf6 29. h3 Re6 30. a4 Qxa4 31. Qxb7 Qc6 32. Qxc6 Rxc6 33. Rb5
Kg8 34. Bd2 Nc4 35. Bb4 Rb6 36. Rxb6 Nxb6 37. g4 Kf7 38. Kg2 Ke6 39. f4 Nd7 40.
Kf3 g6 41. Kg3 Nf6 42. Bf8 h5 43. Kh4 hxg4 44. hxg4 Ne4 45. Bg7 Kf7 46. Bh8 Ke6
47. Be5 Kf7 48. f5 gxf5 49. gxf5 Nd2 50. Kg5 Nb3 51. f6 Nd2 52. Kf4 Ke6 53. Kg5
Kf7 54. Kf5 Ne4 55. Bf4 Nxf6 56. Ke5 Ne4 57. Kxd5 Nc3+ 58. Ke5 Ne2 59. d5 Nxf4
60. Kxf4 Ke7 61. Ke5 Kd7 62. d6 Kd8 63. Ke6 1/2-1/2

[Event "4NCL/Div1/NWE1 vs. BAR1"]
[Site "Coventry ENG"]
[Date "2006.11.12"]
[Round "4.3"]
[White "Morrison, Graham"]
[Black "Cox, John J"]
[Result "1/2-1/2"]
[WhiteElo "2336"]
[BlackElo "2414"]
[PlyCount "69"]
[EventDate "2006.11.12"]
[EventType "team"]
[EventRounds "11"]
[EventCountry "ENG"]
[WhiteTeam "N W Eagles 1"]
[BlackTeam "Barbican 4NCL 1"]

1. e4 e5 2. Nf3 Nc6 3. Bb5 Nf6 4. O-O Nxe4 5. d4 Nd6 6. Bxc6 dxc6 7. dxe5 Nf5
8. Qxd8+ Kxd8 9. Nc3 Ke8 10. Re1 Bb4 11. Bd2 Bxc3 12. Bxc3 c5 13. Rad1 h6 14.
Rd5 Be6 15. Rxc5 Kd7 16. Rd1+ Kc8 17. Be1 b6 18. Rc3 Kb7 19. Rcd3 Rae8 20. Bc3
Kc8 21. Ne1 Rd8 22. b3 Ne7 23. Rxd8+ Rxd8 24. Rxd8+ Kxd8 25. f3 Kd7 26. Kf2 a5
27. Ke2 g6 28. Nd3 g5 29. g3 Bf5 30. Kd2 Ng6 31. Nb2 h5 32. Nc4 Ke6 33. a4 Bh3
34. Ke3 Bf5 35. Kd2 1/2-1/2

[Event "4NCL/Div1/NWE1 vs. BAR1"]
[Site "Coventry ENG"]
[Date "2006.11.12"]
[Round "4.4"]
[White "Devereaux, Maxim"]
[Black "Macak, Stefan"]
[Result "0-1"]
[WhiteElo "2395"]
[BlackElo "2341"]
[PlyCount "64"]
[EventDate "2006.11.12"]
[EventType "team"]
[EventRounds "11"]
[EventCountry "ENG"]
[WhiteTeam "Barbican 4NCL 1"]
[BlackTeam "N W Eagles 1"]

1. d4 Nf6 2. Bg5 e6 3. e4 h6 4. Bxf6 Qxf6 5. Nc3 d6 6. Qd2 g5 7. O-O-O Bg7 8.
e5 Qe7 9. f4 Nd7 10. Nf3 a6 11. Bd3 b5 12. Be4 d5 13. Nxd5 exd5 14. Bxd5 Rb8
15. f5 f6 16. exf6 Nxf6 17. Bc6+ Kf8 18. Ne5 Qd6 19. Rhf1 Rb6 20. Qc3 Kg8 21.
Rde1 Kh7 22. h4 gxh4 23. Rf4 Rxc6 24. Qxc6 Nd5 25. f6 Qxc6 26. fxg7 Re8 27.
Ref1 Rxe5 28. g8=Q+ Kxg8 29. Rf8+ Kg7 30. dxe5 Be6 31. R8f3 b4 32. Rh1 Qc4 0-1

[Event "4NCL/Div1/NWE1 vs. BAR1"]
[Site "Coventry ENG"]
[Date "2006.11.12"]
[Round "4.5"]
[White "Carleton, John J"]
[Black "Collins, Sam"]
[Result "1-0"]
[WhiteElo "2294"]
[BlackElo "2396"]
[PlyCount "81"]
[EventDate "2006.11.12"]
[EventType "team"]
[EventRounds "11"]
[EventCountry "ENG"]
[WhiteTeam "N W Eagles 1"]
[BlackTeam "Barbican 4NCL 1"]

1. d4 d5 2. c4 c6 3. Nc3 Nf6 4. cxd5 cxd5 5. Bf4 Nc6 6. e3 a6 7. Bd3 Bg4 8. f3
Bh5 9. Nge2 Bg6 10. e4 e6 11. e5 Nd7 12. Be3 Be7 13. f4 Bxd3 14. Qxd3 f5 15.
exf6 Nxf6 16. O-O g6 17. Nd1 O-O 18. Nf2 Rc8 19. a3 Qb6 20. b4 a5 21. b5 Na7
22. a4 Rc4 23. g4 Ne8 24. f5 gxf5 25. gxf5 Ng7 26. Ng4 exf5 27. Ne5 Rcc8 28.
Kh1 Rcd8 29. Rf3 Nc8 30. Rg1 Bf6 31. Nf4 Kh8 32. Rh3 Bxe5 33. Ng6+ Kg8 34. Nxe5
Rde8 35. Bh6 Re7 36. Bxg7 Rxg7 37. Rxg7+ Kxg7 38. Qg3+ Kh8 39. Ng6+ Kg7 40.
Nxf8+ Kxf8 41. Qe5 1-0

[Event "4NCL/Div1/NWE1 vs. BAR1"]
[Site "Coventry ENG"]
[Date "2006.11.12"]
[Round "4.6"]
[White "Berry, Neil"]
[Black "Kennaugh, Charles W"]
[Result "1/2-1/2"]
[WhiteElo "2312"]
[BlackElo "2279"]
[PlyCount "64"]
[EventDate "2006.11.12"]
[EventType "team"]
[EventRounds "11"]
[EventCountry "ENG"]
[WhiteTeam "Barbican 4NCL 1"]
[BlackTeam "N W Eagles 1"]

1. d4 d5 2. Nf3 c6 3. c4 e6 4. Nc3 dxc4 5. a4 Bb4 6. e3 b5 7. Bd2 a5 8. axb5
Bxc3 9. Bxc3 cxb5 10. b3 Bb7 11. bxc4 b4 12. Bb2 Nf6 13. Bd3 Nbd7 14. O-O Qc7
15. Re1 O-O 16. e4 e5 17. c5 Ba6 18. Rc1 Bxd3 19. Qxd3 Rfd8 20. c6 Nf8 21. Qb5
exd4 22. Bxd4 Ne6 23. Be5 Qe7 24. c7 Rdc8 25. Nh4 g6 26. Bb2 Nxc7 27. Qg5 Nce8
28. Nf5 Qe6 29. Nh6+ Kf8 30. Rxc8 Rxc8 31. Qxa5 Qc4 32. h3 Rc5 1/2-1/2

[Event "4NCL/Div1/NWE1 vs. BAR1"]
[Site "Coventry ENG"]
[Date "2006.11.12"]
[Round "4.7"]
[White "Hague, Ben"]
[Black "Knott, Simon"]
[Result "1/2-1/2"]
[WhiteElo "2287"]
[BlackElo "2375"]
[PlyCount "81"]
[EventDate "2006.11.12"]
[EventType "team"]
[EventRounds "11"]
[EventCountry "ENG"]
[WhiteTeam "N W Eagles 1"]
[BlackTeam "Barbican 4NCL 1"]

1. e4 e6 2. d4 d5 3. e5 c5 4. c3 Nc6 5. Nf3 Qb6 6. a3 Nh6 7. b4 cxd4 8. cxd4
Nf5 9. Bb2 Bd7 10. g4 Nfe7 11. Nc3 Na5 12. Qc2 Nc4 13. Bxc4 dxc4 14. Nd2 Qc6
15. Nce4 Nc8 16. Qxc4 Nb6 17. Qxc6 Bxc6 18. Ke2 Be7 19. Rhd1 O-O 20. Nc3 Na4
21. Nxa4 Bxa4 22. Rdc1 Bg5 23. Rc5 Bxd2 24. Kxd2 Rfc8 25. Rac1 Bd7 26. Ke3 Rxc5
27. dxc5 Bc6 28. Rd1 Kf8 29. Bc3 Ke8 30. g5 Rd8 31. Bd4 a6 32. Rg1 Kf8 33. Rg4
Kg8 34. h4 Rd7 35. Rg1 Kf8 36. h5 Ke8 37. f4 g6 38. h6 Rd5 39. Kd3 Kd7 40. Kc3
Ba4 41. Rb1 1/2-1/2